MARC details
| 000 -LEADER |
| fixed length control field |
01553cam a22003251a 4500 |
| 001 - CONTROL NUMBER |
| control field |
0000000364 |
| 005 - DATE AND TIME OF LATEST TRANSACTION |
| control field |
20170406112543.0 |
| 008 - FIXED-LENGTH DATA ELEMENTS--GENERAL INFORMATION |
| fixed length control field |
950510s1995 dcum b a001 0 eng |
| 010 ## - LIBRARY OF CONGRESS CONTROL NUMBER |
| LC control number |
95019963 |
| 020 ## - INTERNATIONAL STANDARD BOOK NUMBER |
| International Standard Book Number |
1878379003 |
| 035 ## - SYSTEM CONTROL NUMBER |
| System control number |
(OCoLC)32590358 |
| 040 ## - CATALOGING SOURCE |
| Original cataloging agency |
DLC |
| Transcribing agency |
DLC |
| Modifying agency |
YHM |
| -- |
IAY |
| -- |
CIN |
| 043 ## - GEOGRAPHIC AREA CODE |
| Geographic area code |
f------ |
| -- |
n-us--- |
| 050 00 - LIBRARY OF CONGRESS CALL NUMBER |
| Classification number |
JX1961.A35 |
| Item number |
A33 1995 |
| 082 00 - DEWEY DECIMAL CLASSIFICATION NUMBER |
| Classification number |
327.7306 |
| Edition number |
20 |
| 245 00 - TITLE STATEMENT |
| Title |
African conflict resolution : |
| Remainder of title |
the U.S. role in peacemaking / |
| Statement of responsibility, etc. |
David R. Smock and Chester A. Crocker, editors. |
| 260 ## - PUBLICATION, DISTRIBUTION, ETC. |
| Place of publication, distribution, etc. |
Washington, D.C. : |
| Name of publisher, distributor, etc. |
United States Institute of Peace Press, |
| Date of publication, distribution, etc. |
1995. |
| 263 ## - PROJECTED PUBLICATION DATE |
| Projected publication date |
9509. |
| 300 ## - PHYSICAL DESCRIPTION |
| Extent |
vi, 163 p. ; |
| Dimensions |
23 cm. |
| 504 ## - BIBLIOGRAPHY, ETC. NOTE |
| Bibliography, etc. note |
Includes bibliographical references (p. 143-145) and index. |
| 505 00 - FORMATTED CONTENTS NOTE |
| Title |
African state as a political refugee / |
| Statement of responsibility |
Ali A. Mazrui -- |
| Title |
African role in conflict management and resolution / |
| Statement of responsibility |
B.A. Kiplagat -- |
| Title |
U.S. role in managing African conflicts / |
| Statement of responsibility |
Donald Rothchild -- |
| Title |
Diplomatic perspective on African conflict resolution / |
| Statement of responsibility |
Robert B. Oakley -- |
| Title |
African capabilities for managing conflict / |
| Statement of responsibility |
Herman J. Cohen -- |
| Title |
Guidelines for preserving peace in Africa / |
| Statement of responsibility |
I. William Zartman -- |
| Title |
Institutional capacity-building for African conflict management / |
| Statement of responsibility |
Timothy D. Sisk. |
| 650 #0 - SUBJECT ADDED ENTRY--TOPICAL TERM |
| Topical term or geographic name entry element |
Conflict management |
| Geographic subdivision |
Africa. |
| 650 #0 - SUBJECT ADDED ENTRY--TOPICAL TERM |
| Topical term or geographic name entry element |
Violence |
| Geographic subdivision |
Africa. |
| 651 #0 - SUBJECT ADDED ENTRY--GEOGRAPHIC NAME |
| Geographic name |
United States |
| General subdivision |
Foreign relations |
| Geographic subdivision |
Africa. |
| 651 #0 - SUBJECT ADDED ENTRY--GEOGRAPHIC NAME |
| Geographic name |
Africa |
| General subdivision |
Foreign relations |
| Geographic subdivision |
United States. |
| 700 1# - ADDED ENTRY--PERSONAL NAME |
| Personal name |
Smock, David R. |
| 700 1# - ADDED ENTRY--PERSONAL NAME |
| Personal name |
Crocker, Chester A. |
| 908 ## - PUT COMMAND PARAMETER (RLIN) |
| Put command parameter |
131031 |
| 913 ## - |
| -- |
N |